000 00526nam a2200181Ia 4500
003 OSt
005 20260326144911.0
008 211028s2008 xx 000 0 und d
040 _cAIMIT LIBRARY
041 _aeng
082 _a658.8 MIRV
100 _aMiranda, Veera Christine;Wright, Rowena.
_g60471359
_96022
245 _aA study on the effectiveness of the training practices in Karnataka Bank ltd /
260 _bWright, Rowena
_c2008
600 _aMarketing
_96023
650 _aMarketing
_96024
942 _2ddc
_cPRO
999 _c218099
_d218099